Postacie historyczne - kobiety - Statystyki

Ogólne statystyki
  • Ten quiz został rozwiązany 22 razy
  • Średni wynik to 7 z 20
Statystyki odpowiedzi
Wskazówka Odpowiedź % Poprawnych
Kanclerz Niemiec Angela Merkel
84%
Królowa Tudorów, która rządziła Anglią przez 54 lata Królowa Elżbieta
84%
Badacz promieniowania Maria Curie-Skłodowska
79%
Ostatni faraon starożytnego Egiptu Kleopatra
74%
Rządził Imperium Brytyjskim w XIX wieku Królowa Wiktoria
74%
Francuski męczennik wojny stuletniej Joanna d'Arc
68%
„Wielka” cesarzowa Rosji Katarzyna Wielka
68%
Pierwsza kobieta na stanowisku premiera Wielkiej Brytanii Margaret Thatcher
42%
Czterokrotny premier Indii Indira Gandhi
26%
Królowa, której małżeństwo z Ferdynandem zjednoczyło Hiszpanię Królowa Izabela
26%
Odmówiła oddania swojego miejsca w autobusie w Alabamie Rosa Parks
26%
Pierwsza kobieta, która samotnie przeleciała przez Atlantyk Amelia Earhart
16%
Premier Pakistanu Benazir Bhutto
11%
Wygrał walkę płci w tenisie Billie Jean King
11%
Premier Izraela Golda Meir
11%
Napisał „Chatę wuja Toma” Harriet Beecher Stowe
11%
Uwielbiamy tę komiczkę telewizyjną z lat 50. Lucille Ball
11%
Napisała „Mistykę kobiecości” Betty Friedan
0%
Zbiegły niewolnik, który powrócił 13 razy, aby uwolnić 70 kolejnych osób Harriet Tubman
0%
Otwarto pierwszą klinikę antykoncepcji w USA Margaret Sanger
0%
Nie znaleziono quizów pasujących do podanych kryteriów
Rozkład punktacji
Procent ludzi z każdym wynikiem
Percentyl według liczby udzielonych odpowiedzi
Twoja historia wyników
Nie rozwiązałeś tego quizu